LEADER 01001nam--2200349---450- 001 990001504170203316 005 20040315153005.0 035 $a000150417 035 $aUSA01000150417 035 $a(ALEPH)000150417USA01 035 $a000150417 100 $a20040315d1930----km-y0itay0103----ba 101 0 $aita 102 $aIT 105 $a||||||||001yy 200 1 $aMenandro$fVittorio De Falco 210 $aPavia$cRegia Università$d1930 215 $a31 p.$d24 cm 300 $aEstr. da: Athenaeum: studi periodici di letteratura e storia dell'antichità. N.S. A. 8. Fasc. 2. 1930 410 0$12001 454 1$12001 461 1$1001-------$12001 700 1$aDE FALCO,$bVittorio$0163205 801 0$aIT$bsalbc$gISBD 912 $a990001504170203316 951 $aVIII Misc. 1/6$b65991 L.M.$cVIII Misc. 959 $aBK 969 $aUMA 979 $aSIAV4$b10$c20040315$lUSA01$h1530 979 $aPATRY$b90$c20040406$lUSA01$h1745 996 $aMenandro$9934586 997 $aUNISA